| Tag |
First Indicator |
Second Indicator |
Subfields |
| LEADER |
00000cam a2200000 a 4500 |
| 001 |
in00000076182 |
| 005 |
20151008060451.0 |
| 008 |
820507s1982 njuaf b 00110 eng |
| 010 |
|
|
|a 81047998
|
| 020 |
|
|
|a 0691039941
|
| 035 |
|
|
|a (OCoLC)08474367
|
| 035 |
|
|
|9 AAJ5817AM
|
| 039 |
0 |
|
|a 2
|b 3
|c 3
|d 3
|e 3
|
| 040 |
|
|
|a DLC
|c DLC
|d TXA
|d UtOrBLW
|
| 043 |
|
|
|a e-fr---
|a e-it---
|
| 049 |
|
|
|a TXAM
|c [952141]
|
| 050 |
0 |
0 |
|a N6923.B5
|b G6 1982
|
| 082 |
0 |
|
|a 709/.2/4
|2 19
|
| 100 |
1 |
|
|a Gould, Cecil Hilton Monk,
|d 1918-1994.
|
| 245 |
1 |
0 |
|a Bernini in France :
|b an episode in seventeenth-century history /
|c Cecil Gould.
|
| 264 |
|
1 |
|a Princeton, N.J. :
|b Princeton University Press,
|c [1982]
|
| 264 |
|
4 |
|c ©1982
|
| 300 |
|
|
|a xvi, 158 pages, 16 unnumbered pages of plates :
|b illustrations ;
|c 25 cm.
|
| 336 |
|
|
|a text
|b txt
|2 rdacontent
|
| 337 |
|
|
|a unmediated
|b n
|2 rdamedia
|
| 338 |
|
|
|a volume
|b nc
|2 rdacarrier
|
| 500 |
|
|
|a Includes index.
|
| 504 |
|
|
|a Bibliography: pages 149-151.
|
| 600 |
1 |
0 |
|a Bernini, Gian Lorenzo,
|d 1598-1680.
|
| 650 |
|
0 |
|a Art, Baroque
|z France.
|
| 650 |
|
0 |
|a Art, Italian
|z France.
|
| 999 |
|
|
|a MARS
|
| 999 |
f |
f |
|s 36e2332f-d3ca-3eab-9cd3-2547a1214c60
|i a343f391-c17c-35b6-9690-e712e54face5
|t 0
|
| 952 |
f |
f |
|p normal
|a Texas A&M University
|b College Station
|c Sterling C. Evans Library
|d Evans: Library Stacks
|t 0
|e N6923.B5 G6 1982
|h Library of Congress classification
|i unmediated -- volume
|m A14806166665
|
| 998 |
f |
f |
|a N6923.B5 G6 1982
|t 0
|l Evans: Library Stacks
|